000 00374nam a2200145Ia 4500
008 200103s9999||||xx |||||||||||||| ||und||
020 _a0135560446,
040 _aIMU-MPC
082 _aColumn-40
100 _aTraister, John E.
245 0 _aMarine Engine Troubleshooting and Repair
260 _bPrentice-Hall of India, New Delhi
_c1987
300 _axi, 241
942 _cBK
999 _c8543
_d8543